Managing COPD

The book includes recommendations for COPD from published guidelines (eg, the GOLD, ATS, and NICE guidelines) and presents them in the context of relevant clinical treatment issues. This is an in-depth guide on the management of COPD, concentrating on the impact of COPD on a patient as well as how h...

Full description

Bibliographic Details
Main Authors: Russell, Richard EK (Author), Ford, Paul A. (Author), Barnes, Peter J. (Author), Russell, Sarah (Author)
Corporate Author: SpringerLink (Online service)
Format: Electronic eBook
Language:English
Published: Tarporley : Springer Healthcare Ltd. : Imprint: Springer Healthcare, 2013.
Edition:3rd ed. 2013.
Subjects:
Online Access:Full Text via HEAL-Link
LEADER 02269nam a22005055i 4500
001 978-1-907673-52-8
003 DE-He213
005 20151204184046.0
007 cr nn 008mamaa
008 131118s2013 xxk| s |||| 0|eng d
020 |a 9781907673528  |9 978-1-907673-52-8 
024 7 |a 10.1007/978-1-907673-52-8  |2 doi 
040 |d GrThAP 
050 4 |a RC705-779 
072 7 |a MJL  |2 bicssc 
072 7 |a MED079000  |2 bisacsh 
082 0 4 |a 616.2  |2 23 
100 1 |a Russell, Richard EK.  |e author. 
245 1 0 |a Managing COPD  |h [electronic resource] /  |c by Richard EK Russell, Paul A Ford, Peter J. Barnes, Sarah Russell. 
250 |a 3rd ed. 2013. 
264 1 |a Tarporley :  |b Springer Healthcare Ltd. :  |b Imprint: Springer Healthcare,  |c 2013. 
300 |a X, 92 p. 16 illus. in color.  |b online resource. 
336 |a text  |b txt  |2 rdacontent 
337 |a computer  |b c  |2 rdamedia 
338 |a online resource  |b cr  |2 rdacarrier 
347 |a text file  |b PDF  |2 rda 
505 0 |a Introduction -- Epidemiology, risk factors and pathophysiology -- The clinical consultation -- Management strategies -- Palliative care in COPD -- The future of COPD. 
520 |a The book includes recommendations for COPD from published guidelines (eg, the GOLD, ATS, and NICE guidelines) and presents them in the context of relevant clinical treatment issues. This is an in-depth guide on the management of COPD, concentrating on the impact of COPD on a patient as well as how healthcare professionals can intervene and educate the patient at an early stage and thereby slow the onset of severe symptoms. 
650 0 |a Medicine. 
650 0 |a Respiratory organs  |x Diseases. 
650 0 |a Surgical transplantation. 
650 0 |a Pharmacotherapy. 
650 1 4 |a Medicine & Public Health. 
650 2 4 |a Pneumology/Respiratory System. 
650 2 4 |a Pharmacotherapy. 
650 2 4 |a Transplant Surgery. 
700 1 |a Ford, Paul A.  |e author. 
700 1 |a Barnes, Peter J.  |e author. 
700 1 |a Russell, Sarah.  |e author. 
710 2 |a SpringerLink (Online service) 
773 0 |t Springer eBooks 
776 0 8 |i Printed edition:  |z 9781908517692 
856 4 0 |u http://dx.doi.org/10.1007/978-1-907673-52-8  |z Full Text via HEAL-Link 
912 |a ZDB-2-SME 
950 |a Medicine (Springer-11650)